000 00895nam a2200265 i 4500
001 bg
245 7 0 _aGroundwater/surface water ecotones :
_bbiological and hydrological interactions and management options /
_c[ed. by] Janine Gibert, Jacques Mathieu, Fred Fournier.
260 _aCambridge :
_bCambridge Univ. Press,
_c1997.
300 _aXIII, 246 s. :
_b1 fot., mapy, rys., wykr. ;
_c31 cm.
490 1 _aInternational Hydrology Series
504 _aBibliogr. przy rozdz.
650 9 _aWody podziemne
_xekologia
650 9 _aHydrogeologia
700 1 _aGIBERT, Janine.
_eRed.
700 1 _aMATHIEU, Jacques.
_eRed.
700 1 _aFOURNIER, Frédéric.
_eRed.
830 _aInternational Hydrology Series
020 _a0521572541
040 _cBPK
041 0 _aen
080 _a556.3:574.5
920 _a0-521-57254-1
942 _cKS
008 s pl f |000 0 pol
999 _c33308
_d33308
856 _uhttp://koha.tu.koszalin.pl/cgi-bin/koha/opac-detail.pl?biblionumber=33308
_yKatalog online BPK